| 000 | 01659cam a22003371i 4500 | ||
|---|---|---|---|
| 003 | SA-RiAUC | ||
| 005 | 20250209100922.0 | ||
| 008 | 250209s2009 su g bd f001 0 ara c | ||
| 020 | _a9786038032084 | ||
| 040 |
_aMA-HhKAF _bara _cSA-RiAUC. _erda |
||
| 072 | 7 | _aMAI | |
| 082 | 0 | 4 |
_a413 _qSA-RiAUC |
| 090 |
_a413 _b ا ب ن ب |
||
| 100 | 1 |
_aابن بري، عبد الله بن بري بن عبد الجبار، _d499-582 هجري _eمؤلف. |
|
| 245 | 1 | 0 |
_aكتاب التنبيه والإيضاح عما وقع في الصحاح / _cلأبي محمد عبد الله بن بري المصري ؛ تحقيق عاطف محمد المغاوري. |
| 246 | 3 | 0 | _aالتنبيه والإيضاح عما وقع في الصحاح |
| 264 | 1 |
_aالرياض : _bمركز الملك فيصل للبحوث والدراسات الإسلامية، _c2009 |
|
| 300 |
_a2 مجلد (885 صفحة ) ؛ _c31 سم. |
||
| 336 |
_aنص _btxt _2rdacontent _3كتاب |
||
| 337 |
_aبدون وسيط _bn _2rdamedia |
||
| 338 |
_aمجلد _bnc _2rdacarrier |
||
| 490 | 0 |
_aتحقيق التراث / مركز الملك فيصل للبحوث والدراسات الإسلامية ؛ _v18 |
|
| 500 | _aيشتمل على كشافات. | ||
| 504 | _aببليوجرافية : صفحة 861-885. | ||
| 650 | 7 |
_aاللغة العربية _vمعاجم _2aucsh |
|
| 700 | 1 |
_aإبراهيم، عاطف محمد المغاوري _eمحقق. |
|
| 700 | 1 | 2 |
_aالجوهري، إسماعيل بن حماد الجوهري، _dتوفي 393 هجري |
| 740 | 2 | 2 | _aالصحاح : تاج اللغة وصحاح العربية. |
| 942 |
_2ddc _cBOOK _n0 |
||
| 949 |
_aSA-JeALM _d250209 _ueid123 _n1 |
||
| 999 |
_c5754 _d5754 |
||